<?xml version="1.0" encoding="UTF-8"?>
<collection xmlns="http://www.loc.gov/MARC21/slim">
  <record>
    <leader>00000nam  2200000   4500</leader>
    <controlfield tag="001">INLIS000000000017023</controlfield>
    <controlfield tag="005">20240528105057</controlfield>
    <datafield tag="035" ind1="#" ind2="#">
      <subfield code="a">0010-0524000049</subfield>
    </datafield>
    <controlfield tag="007">ta</controlfield>
    <controlfield tag="008">240528################g##########0#ind##</controlfield>
    <datafield tag="020" ind1="#" ind2="#">
      <subfield code="a">979 984 430 4</subfield>
    </datafield>
    <datafield tag="082" ind1="#" ind2="#">
      <subfield code="a">352</subfield>
    </datafield>
    <datafield tag="084" ind1="#" ind2="#">
      <subfield code="a">352 OEN m</subfield>
    </datafield>
    <datafield tag="100" ind1=" " ind2="#">
      <subfield code="a">Oentarto SM</subfield>
    </datafield>
    <datafield tag="245" ind1="1" ind2="#">
      <subfield code="a">Menggagas Format Otonomi Daerah Masa Depan /</subfield>
      <subfield code="c">Oentarto SM, I Made Suwandi, Dodi Riyadmadji</subfield>
    </datafield>
    <datafield tag="250" ind1="#" ind2="#">
      <subfield code="a">Cetakan ke 2</subfield>
    </datafield>
    <datafield tag="260" ind1="#" ind2="#">
      <subfield code="a">Jakarta :</subfield>
      <subfield code="b">Samitra Media Utama,</subfield>
      <subfield code="c">2004</subfield>
    </datafield>
    <datafield tag="300" ind1="#" ind2="#">
      <subfield code="a">xii, 282 halaman :</subfield>
      <subfield code="b">ilus ;</subfield>
      <subfield code="c">21 cm</subfield>
    </datafield>
    <datafield tag="650" ind1="#" ind2="4">
      <subfield code="a">Sistem Administrasi Pemerintah</subfield>
    </datafield>
    <datafield tag="700" ind1=" " ind2="#">
      <subfield code="a">I Made Suwandi</subfield>
    </datafield>
    <datafield tag="700" ind1=" " ind2="#">
      <subfield code="a">Dodi Riyadmadji</subfield>
    </datafield>
    <datafield tag="520" ind1="#" ind2="#">
      <subfield code="a">Hadirnya UU No. 22 Tahun 1999 tentang Pemerintahan Daerah telah menjungkirbalikkan paradigma penyelenggaraan pemerintahan daerah dari yang bernuansa sentralistik menuju kepada nuansa desentralistik. Perubahan paradigma yang demikian mendadak membuat gamang sebagian besar stakeholder dalam menyikapi perubahan itu. Akibatnya respon yang muncul cenderung tanpa pola dan berdasar referensi yang dimiliki oleh masing-masing.</subfield>
    </datafield>
    <datafield tag="990" ind1="#" ind2="#">
      <subfield code="a">06039686</subfield>
    </datafield>
    <datafield tag="990" ind1="#" ind2="#">
      <subfield code="a">06039685</subfield>
    </datafield>
    <datafield tag="990" ind1="#" ind2="#">
      <subfield code="a">06039682</subfield>
    </datafield>
  </record>
</collection>
